000
00294nam a22000977a 4500
999
_c
10942
_d
10942
008
180412b ||||| |||| 00| 0 eng d
020
_a
978818389895316
100
_a
Sahini Monica
_9
6746
245
_a
A Textbook of Information Communication Technology-IX
260
_a
New Delhi
_b
Goyal Brothers
_c
2014